Manejo general de aves rapaces en cautiverio (Registro nro. 6811)

Detalles MARC
000 -CABECERA
Campo de control 00445nam a2200157 a 4500
005 - FECHA Y HORA DE LA ULTIMA TRANSACCION
Campo de control 20150106151749.0
008 - ELEMENTOS DE LONGITUD FIJA—INFORMACION GENERAL
Campo de control 140130b2007 ck ||||| |||| 00| 0 spa d
040 ## - FUENTE DE CATALOGACIÓN
Agencia catalogadora original CO-BoIAVH
Agencia transcriptora CO-BoIAVH
041 ## - IDIOMA
Código de idioma para texto/pista de sonido o título separado Español
044 ## - PAÍS DE PUBLICACIÓN
País de publicación Colombia
090 ## - CLASIFICACIÓN LOCAL
Colección IAVH
Consecutivo 01278
245 ## - MENCION DE TITULO
Título Manejo general de aves rapaces en cautiverio
Parte restante del título Adaptado del Manual de manejo de aves rapaces
260 ## - PUBLICACION, DISTRIBUCION, ETC. (PIE DE IMPRENTA)
Lugar de publicación, distribución, etc. Bogotá
Nombre del editor, distribuidor, etc. IAVH
-- Corpochivor
Fecha de publicación, distribución, etc. 2007
300 ## - DESCRIPCION FISICA
Extensión 39 h.
942 ## - ELEMENTOS ADICIONALES (KOHA)
Tipo de ítem Informe Técnico
Sistema de clasificación Local
Existencias
Withdrawn status Lost status Sistema de Clasificación Damaged status No para préstamo Colección Inventariado Ubicación Permanente Ubicación actual Fecha de adquisición Total Checkouts Número topográfico Inventario / Código de Barras Date last seen Ejemplar Price effective from Forma de adquisición Tipo de material
    Local     Humboldt Inventariado 2017 Bogotá Bogotá     IAVH-01278 026721 09/08/2024 Ej. 1 04/12/2012   Informe Técnico